000 00770nab a2200229u 4500
001 21322
003 HDC
007 c| |||a|c|aaaa
008 210306b20100318my ||||o |||| 00| 0 eng d
040 _aHDC
100 _aJames Kon /
_eauthor
_911659
245 0 _aContest promotes Brunei Halal Brand /
_cJames Kon
336 _atext
_2rdacontent
337 _acomputer
_2rdamedia
338 _aonline resource
_2rdacarrier
650 _aBrunei Halal Brand
_916902
650 _aGhanim International Food Corporation Sdn Bhd
_918172
856 _zRequest full-text at [email protected]
942 _2lcc
942 _cNEWS
942 _kNWS0 004951
999 _c18638
_d18638